Регионална библиотека "Любен Каравелов" - Русе

Русе (Запис номер 447798)

MARC детайли
000 -Лидер
Контролно поле с фиксирана дължина nam a22 a 4500
003 - Код на организацията, давaща контролен номер
Контролно поле BLK
005 - Дата и час на последна редакция
Контролно поле 20220309103158.0
008 - Елементи от данни с фиксирана дължина
fixed length control field 220308b bul|||||r ||||||| ||bul||
040 ## - Източник на каталожния запис
Идентификатор на билиотеката - собственик на записа BLK
041 ## - Код за език
Код за езика на текст/звукозапис или на отделно заглавие Български
Код за езика КДБФ Български
080 ## - УДК
Текстов определител УДК Краезнание
УДК код - определител по УДК 908
УДК определител (497.215)(062)
УДК - код + определител 908(497.215)(062)
139 ## - Редно поле
Авторски знак Русе - Р 94
245 10 - Сведения за заглавието
Заглавие Русе
Подзаглавни данни 29 юни - 7 юли 1935
Физически носител (вид на носителя) [Малотир. изд.]
257 ## - Страна на издаване
Страна на създаване/издаване България
260 ## - Област на издателските данни
Място на издаване, разпространение и проч. Русе
Име на издателя, разпространителя и проч. печ. Димитър Петров
Година на издаване 1935
9 (RLIN) 211169
300 ## - Физическа характеристика
Страници 1 л.
Илюстрации и др. със сн.
Размери/Мащаб 24х63 см
380 ## - Жанр
Жанр История
500 ## - Общи забележки
Забележка История, забележителности, разписания на кораби, програма събития, реклами на местни фабрики, магазини и др.
651 #7 - Допълнително описание по предмет - топоним
9 (RLIN) 179462
Географско понятие Русе
653 #7 - Ключова дума – ненормативна
Ключова дума история
9 (RLIN) 187889
653 #7 - Ключова дума – ненормативна
Ключова дума забележителности
9 (RLIN) 186725
852 ## - Местоположение
Фондова буква Краезнание
Систематично-азбучна сигнатура К 908/Р 94
999 ## - СИСТЕМНИ КОНТРОЛНИ НОМЕРА
Koha biblionumber 447798
Koha biblioitemnumber 447798
942 ## - АРТИКУЛИ
Вид на библиотечния материал Книги
Скрит в OPAC Не
Периодичен библиозапис Да
944 ## - СЪЗДАВАНЕ И РЕДАКЦИЯ на ЗАПИСА
Създаване/Редакция Създаване
Дата на регистрацията/редакция 2022-03-09
Служител, извършил регистрацията/редакцията Кети
Наличности
Код за отписване Код за изгубен артикул Източник на класификационната схема Код за повреда Коз за рестрикции Код за отдаване Артикулен № Име на библиотеката - собственик Име на библиотеката, в която се намира в момента Статус (Текущо местоположение) Дата на вписване в системата Местоположение - отдел Цена в лева Систематично азбучна сигнатура Баркод Цена в евро Служебен тип на артикула
  Не е изгубен Universal Decimal Classification Не е повреден само за читалня ползва се в читалня 875682 Регионална библиотека "Любен Каравелов" Русе Регионална библиотека "Любен Каравелов" Русе Краезнание 2022-03-15 Краезнание 1.00 К 908/Р 94 120000868270 0.51 Книги
Vip Innovations Ltd, Rousse, Bulgaria 2025